Statistics for 5 most populated country in each continent

Click here to take the quiz!

General Stats

  • This quiz has been taken 123 times
    (42 since last reset)
  • The average score is 26 of 30

Answer Stats

Answer% Correct
Argentina
97%
Brazil
97%
Canada
97%
Germany
97%
Mexico
97%
South Africa
97%
United States
97%
Australia
95%
China
95%
France
95%
India
95%
New Zealand
95%
Russia
95%
Cuba
92%
Nigeria
90%
Peru
90%
Colombia
87%
Egypt
87%
Indonesia
87%
Pakistan
85%
United Kingdom
85%
Venezuela
85%
Bangladesh
82%
Fiji
82%
Ethiopia
79%
Ukraine
77%
Congo
74%
Papua New Guinea
69%
Micronesia
59%
Guatemala
54%

Score Distribution

Percentile by Number Answered

Percent of People with Each Score

Your Score History

You have not taken this quiz since the last reset